[Event "RUS-Cup06"]
[Site "Nizhnij Novgorod"]
[Date "1998.06.30"]
[Round "2"]
[White "Voitsekhovsky, Stanislav"]
[Black "Ulko, Jaroslav"]
[Result "1-0"]
[WhiteElo "2540"]
[BlackElo "2420"]
[Annotator "Mueller,Karsten"]
[PlyCount "89"]
[EventDate "1998.06.29"]
[EventType "swiss"]
[EventRounds "9"]
[EventCountry "RUS"]
[SourceTitle "EXT 2000"]
[Source "ChessBase"]
[SourceDate "1999.11.16"]
[SourceVersion "1"]
[SourceVersionDate "1999.11.16"]
[SourceQuality "1"]

1. e4 d5 2. exd5 Nf6 3. Nf3 Nxd5 4. d4 Bg4 5. h3 Bh5 6. c4 (6. g4 Bg6 7. Ne5
Nd7 8. Nxg6 hxg6 9. Bg2 e6 $11 {Goldberg,A-Dutschak,H/BL9596 1996/BL 90/1/2-1/
2 (50)}) 6... Nb6 7. Nc3 (7. c5 N6d7 8. Qb3 (8. Bc4 e6 9. Be3 Nc6 10. Nc3 Be7
11. a3 e5 12. d5 Nd4 13. g4 Nxf3+ 14. Qxf3 Bg6 15. b4 O-O 16. Rd1 $16 {
Byrne-Rogoff 1978, ECO.}) 8... b6 $6 (8... Nc6 9. d5 Bxf3 10. Qxf3 Nd4 11. Qe4
e5 {Klovans-Gutman 1972.}) 9. Qd5 $1 Bxf3 10. Qxf3 c6 11. Bg5 Nf6 12. Nc3 e6
13. Bb5 Qc8 14. Bxf6 gxf6 15. Qxf6 Rg8 16. Qf3 bxc5 17. Ne4 {>= 17.dxc5 Bxc5
18.0-0 +/-/+-(King).} Be7 18. Ba4 Qa6 19. Bb3 Qa5+ {1/2-1/2 Watson,W-Adams,M/
London WFW 1990/CBM 18/[King]}) (7. g4 Bg6 8. Ne5 Nc6 9. Nxc6 bxc6 10. Bg2 Qd7
11. Qf3 O-O-O 12. O-O (12. Bf4 e5 $1 $132 {[+]}) 12... Nxc4 13. Bf4 (13. Qxc6
Qxc6 14. Bxc6 Rxd4 $13) 13... e5 $13 {1-0 Varavin,V-Gipslis,A/Gausdal 1993/Inf
58/[Gipslis,A] (48)}) 7... e6 (7... e5 $6 8. g4 $1 exd4 9. Nxd4 Bg6 10. Bg2 c6
11. O-O Be7 12. f4 h6 13. f5 Bh7 14. c5 $1 N6d7 15. g5 $3 $40 {1-0 Svidler,
P-Dreev,A/Russia (ch) 1997/Inf 70/[Svidler,P]/CBM 59/[Mueller,Ka] (33)}) 8. g4
(8. Be3 Bb4 9. Qb3 Bxc3+ 10. Qxc3 Bxf3 11. gxf3 N8d7 12. Rg1 $14) 8... Bg6 9.
Ne5 Bb4 $6 (9... c6 10. Bg2 N8d7 11. Nxg6 hxg6 12. Qe2 $14 {(Svidler)}) 10. Bg2
N8d7 (10... c6 11. h4 f6 12. Nxg6 hxg6 13. Qd3 $14 {/+/-}) 11. Nxg6 hxg6 12.
Qb3 (12. Bxb7 {war Weiß vermutlich zu riskant, z.B.} Rb8 ({auch} 12... Nxc4 {
ist nicht völlig abwegig.}) 13. Ba6 Qf6 14. Be3 e5 {und die Lage ist nicht so
übersichtlich wie in der Partie.}) 12... c5 13. O-O Bxc3 (13... cxd4 14. Qxb4
dxc3 15. Qxc3 Qf6 16. Qxf6 gxf6 17. b3 $14 {/+/-}) 14. Qxc3 Qf6 15. Be3 Rc8 16.
b3 Rc7 17. Rad1 {Weiß vergrößert seinen Vorteil mit einfachen natürlichen
Zügen. In der Folge spielt sein Läuferpaar Schwarz förmlich an die Wand.} O-O
18. Rfe1 Re8 19. Qc1 $1 Qh4 (19... Qe7 20. Bf4 e5 21. dxe5 Nf8 22. e6 $18) (
19... Qd8 20. dxc5 $18) (19... e5 20. Bg5 Qe6 21. dxe5 $18) 20. Bg5 Qh7 {
trauriges Muß...} 21. Qf4 Rcc8 $6 (21... Na8 $5) 22. Qg3 (22. Bxb7 $5 Rb8 (
22... f6 23. Bxc8 fxg5 24. Qxg5 Rxc8 25. Rxe6 $18) 23. dxc5 Nxc5 24. Bg2 f6 25.
Qe3 $18) 22... cxd4 23. Rxd4 e5 24. Rd6 Rc7 25. Red1 f6 26. Be3 g5 27. b4 g6 (
27... Rxc4 $2 28. Rxd7 Nxd7 29. Bd5+ $18) (27... Nf8 28. Bxb6 axb6 29. Rxb6 Qc2
30. Qd3 $18) 28. c5 Nc8 29. R6d2 Nf8 30. b5 Qe7 $6 (30... Ne6 $5) 31. c6 e4 $6
{der Bauer geht verloren und danach haben die Läufer endgültig freie Bahn.} (
31... b6 {war zäher.}) 32. Rd4 (32. Bxe4 $18) 32... bxc6 33. Rxe4 Rd7 34. Rxd7
Qxd7 35. Rxe8 Qxe8 36. bxc6 Qd8 37. Be4 Kg7 38. Qb8 Ne6 39. Qb7+ Nc7 40. Qb1
Qe8 41. Qb8 Qxe4 42. Qxc7+ Ne7 43. Bc5 Kf7 44. Bxe7 Qxe7 {[%tqu "De","Weiß
zieht und gewinnt","","","c7e7","Die Abwicklung ins Bauernendspiel reicht nur
zum Remis. Liegt hier eventuell ein Notationsfehler vor ?",0,"c7e7","",0,
"c7b7","und gegen die Umwandlung des c-Bauern ist kein Kraut gewachsen.",5]}
45. Qxe7+ $2 (45. Qxe7+ $2 Kxe7 46. f4 Kd6 (46... gxf4 $2 47. h4 $18) 47. Kf2
Kxc6 48. Kg3 Kd5 49. fxg5 fxg5 50. h4 gxh4+ 51. Kxh4 Ke4 52. Kg5 Kf3 $11) (45.
Qb7 $1 $18) 1-0

[Event "Harplinge"]
[Site "Harplinge"]
[Date "1998.08.20"]
[Round "6"]
[White "Wedberg, Tom Birger"]
[Black "Sjodahl, Pontus"]
[Result "1/2-1/2"]
[WhiteElo "2475"]
[BlackElo "2420"]
[Annotator "Mueller,Karsten"]
[PlyCount "123"]
[EventDate "1998.08.15"]
[EventType "tourn"]
[EventRounds "9"]
[EventCountry "SWE"]
[EventCategory "12"]
[SourceTitle "CBM 067"]
[Source "ChessBase"]
[SourceDate "1998.11.30"]
[SourceVersion "2"]
[SourceVersionDate "1998.11.01"]
[SourceQuality "1"]

1. e4 d5 2. exd5 Qxd5 3. Nc3 Qa5 4. d4 c6 5. Bc4 Bf5 6. Qe2 e6 7. Nf3 Nf6 8.
Bd2 Bb4 9. O-O-O Nbd7 10. Kb1 {für eine genauere Darstellung dieser Variante
siehe "Modernes Skandinavisch" von Matthias Wahls, S.273-278.} Nb6 $1 11. Bb3
Bxc3 $1 12. Bxc3 Qb5 13. Qxb5 cxb5 14. d5 $6 {Weiß möchte sich nicht
weißfeldrig blockieren lassen und versucht stattdessen, das Spiel sofort zu
öffnen. Letztlich dürfte dieser brachiale Versuch allerdings Schwarz zu Gute
kommen.} (14. Ne5 a5 $1 15. a3 Be4 (15... a4 16. Ba2 Nbd5 17. f3 h5 18. Bd2 Rc8
$15 {.... 1/2-1/2 Heissler,J-Michaelsen,N/BL9596 1996/BL 90 (80)}) 16. Rhe1 O-O
17. f3 Bd5 18. Bxd5 Nfxd5 19. Bd2 Nc4 20. Bc1 Rfc8 $15 {0-1 Hjartarson,
J-Hansen,C/Reykjavik 1995/CBM 47 (43)}) 14... Nbxd5 15. Bxf6 Nxf6 16. Nd4 Be4
17. Nxb5 Bxg2 18. Rhg1 Bf3 19. Nc7+ Ke7 20. Rde1 Rag8 21. Nxe6 fxe6 22. Rxe6+
Kf8 {bis hierher sind beide Akteure der Vorgängerpartie Bologan-Wahls, Biel
1993 gefolgt. Nun bringt Wedberg eine interessante Neuerung, die aber nichts
Prinzipielles ändert:} 23. Rd6 $5 $146 (23. Rge1 Bd5 $2 (23... Kf7 $1 24. Re7+
Kg6 $15 {CBM 44-7.Bd2 e6 8.Qe2 Bb4 9.000/Survey 1994/CBM 44/[Dautov] (24)} 25.
Bxg8 Rxg8 $17 {(Wahls)}) 24. Re7 $18 {(Wahls) 1/2-1/2 Bologan,V-Wahls,M/Biel
1993/TD 93\07 (39)}) 23... Bc6 $1 (23... Ke7 24. Re6+ Kf8 {bringt Schwarz
nicht voran.}) (23... Ne4 $2 24. Rd4 $1 $16) 24. Re1 Ne8 $1 {[%mdl 4096]
Schwarz muß seine Türme unbedingt befreien. Daher strebt er g7-g5 konsequent
an. Für das folgende Duell Turm+Bauer gegen Läufer+Springer gibt es eine
Endspielmedaille.} 25. Rd4 g5 26. Bxg8 Rxg8 27. c4 Rg7 28. b4 Re7 29. Rxe7 Kxe7
$15 30. Kc2 a6 31. Kb3 Nc7 32. a4 Ne6 33. Rd2 a5 $5 {schafft den schwarzen
Figuren Felder und nimmt der weißen Bauernmajorität am Damenflügel ihre
Mobilität. Allerdings bildet die Durchbruchsmöglichkeit a5-a6 in der Folge ein
wichtiges Verteidigungsmotiv.} 34. bxa5 Nc5+ 35. Kb4 Na6+ 36. Kc3 Ke6 37. Kd4
Kf5 38. Ke3 Bxa4 39. f3 $6 (39. Rd5+ {war genauer, weil} Kg4 {nicht wirklich
gefährlich ist:} 40. f3+ Kh4 41. Rd6 h5 42. Rd4+ g4 (42... Kh3 43. Rd5) 43.
fxg4 hxg4 44. Rd6 $15) 39... Bc6 40. Rd6 h5 41. Rh6 h4 42. Rh8 Nb4 43. Rh6 Nc2+
44. Kd3 Ne1+ 45. Ke3 Nc2+ (45... Ng2+ $2 46. Kf2 Nf4 47. a6 $18) 46. Kd3 Nb4+
47. Ke3 Na6 48. Rh8 Nc5 49. Rc8 Ke5 50. Rg8 Ne6 {nun ist der Springer auf
seinem Idealfeld angelangt. Er schützt den König, deckt die Königsflügelbauern
und kann gegebenenfalls gegen die Schwäche f3 schnell aktiv werden.} 51. Rg6
Kd6 52. Rf6 Ke5 53. Rg6 Bd7 54. Rg8 $6 ({nach} 54. Rh6 $5 {habe ich keinen Weg
für Schwarz gefunden, Fortschritte zu machen, z.B.} Kd6 (54... Nd4 55. Rg6 $15)
55. Rh7 Bc6 56. Rh6 $15) 54... Kd6 55. Rg6 (55. Rb8 Bc6 56. Rg8 Kc5 57. Rg6 Bd7
{ist Zugumstellung zur Partie}) 55... Kc5 56. Ke4 {auf diesem Gegenangriff
beruht das weiße Spiel} Kxc4 57. Ke5 Nd4 $5 (57... Kc5 $6 58. Rxe6 Bxe6 59.
Kxe6 Kb5 60. Kf5 $11) (57... Kb5 $6 58. Kd6 Kxa5 59. Rg8 $11) 58. Rd6 Nxf3+ 59.
Ke4 Bg4 (59... Bc6+ $4 60. Rxc6+ Kb5 (60... bxc6 61. a6 $18) 61. Rg6 $18) 60.
h3 $1 Bxh3 (60... Bh5 $5 61. Rh6 Nd2+ 62. Kf5 $1 $15) 61. Kxf3 Kb5 62. Rb6+
1/2-1/2

[Event "Harplinge"]
[Site "Harplinge"]
[Date "1998.08.17"]
[Round "3"]
[White "Wedberg, Tom Birger"]
[Black "Emms, John M"]
[Result "0-1"]
[WhiteElo "2475"]
[BlackElo "2585"]
[Annotator "Mueller,Karsten"]
[PlyCount "106"]
[EventDate "1998.08.15"]
[EventType "tourn"]
[EventRounds "9"]
[EventCountry "SWE"]
[EventCategory "12"]
[SourceTitle "CBM 067"]
[Source "ChessBase"]
[SourceDate "1998.11.30"]
[SourceVersion "2"]
[SourceVersionDate "1998.11.01"]
[SourceQuality "1"]

1. e4 d5 2. exd5 Qxd5 3. Nc3 Qa5 4. d4 Nf6 5. Bc4 c6 6. Qe2 Bf5 7. Nf3 e6 8.
Bd2 Bb4 9. Bb3 $6 $146 ({Nach} 9. a3 {wäre} Nd5 $2 {fehlerhaft:} 10. Bxd5 cxd5
11. Qb5+ Qxb5 12. Nxb5 Bxd2+ 13. Kxd2 Na6 14. Nd6+ Ke7 15. Nxf5+ $16 {
Velikov-Spiridonov, Bulgarien 1980 (siehe "Modernes Skandinavisch" von
Matthias Wahls, S.234)}) ({auch gegen} 9. O-O-O {hat} Nd5 $6 {keinen guten Ruf.
Matthias Wahls gibt als Hauptvariante weiter an (S.263ff):} 10. Nxd5 $1 Bxd2+
11. Nxd2 cxd5 12. Nb3 Qxa2 13. Bxd5 Nc6 14. Bxc6+ bxc6 15. g4 Bg6 16. f4 O-O
17. h4 h6 18. h5 Bh7 19. g5 Bf5 20. Rhg1 $1 {mit gewinnbringendem Angriff für
Weiß.}) {Aber jetzt führt} 9... Nd5 $1 {zum sofortigen Ausgleich} 10. Bxd5 $6 (
10. Nxd5 Bxd2+ 11. Qxd2 Qxd2+ 12. Kxd2 cxd5 $11 {war vorzuziehen.}) 10... cxd5
11. Qb5+ Nd7 $1 (11... Qxb5 $2 12. Nxb5 Na6 13. Bxb4 Nxb4 14. Nd6+ {hätte Weiß
Vorteil gegeben.}) 12. Qxb7 $2 (12. Ne5 Qxb5 13. Nxb5 Bxd2+ 14. Kxd2 Ke7 $11 {
/=/+}) (12. Nxd5 $6 Bxd2+ 13. Nxd2 Qxb5 14. Nc7+ Ke7 15. Nxb5 Bxc2 $15 {/-/+})
(12. Qxa5 Bxa5 13. Nb5 Bxd2+ 14. Kxd2 Ke7 $15) 12... Rb8 13. Qc6 Ke7 $1 14. O-O
Rhc8 15. Qa4 ({auch} 15. Nxd5+ {ändert nichts daran, daß Schwarz bereits klar
besser steht:} exd5 (15... Qxd5 $4 16. Bxb4+ $18) 16. Bxb4+ Qxb4 17. Qxd5 Rb5
$17) 15... Qxa4 16. Nxa4 Bxd2 17. Nxd2 Rxc2 {[%csl Gb2,Gd4] das entstandene
Endspiel ist wegen der weißen Bauernschwächen und der aktiven schwarzen Türme
gewonnen für Schwarz.} 18. Nf3 (18. Nb3 Rb4 19. Nc3 Rxb2 $19) 18... Rbc8 19.
Rfd1 Nb6 (19... Bg4 $5) 20. Nxb6 axb6 21. b3 Bg4 22. a4 Bxf3 23. gxf3 Rb2 $1 {
[%mdl 4096] für die Art und Weise, in der John Emms seine aktiven Türme
einsetzt, ist eine Endspielmedaille fällig.} ({Nach} 23... R8c3 $6 24. b4 Rxf3
25. a5 {gibt der a-Freibauer Weiß gewisse Chancen, die Stellung zu halten.})
24. Rab1 ({Nach dem passiven} 24. Rd3 Rcc2 25. Rf1 {hätte Schwarz mit seinem
König freie Hand, um z.B. am Damenflügel einzudringen.}) 24... Rxb1 25. Rxb1
Rc3 26. Kf1 Rd3 27. Ke2 Rxd4 {Emms hat die Ernte eingefahren und bringt das
Turmendspiel nun souverän nach Hause:} 28. Ke3 e5 29. b4 g5 30. a5 bxa5 31.
bxa5 Ra4 32. Rb7+ Ke6 33. Rb6+ Kf5 34. a6 Ra3+ 35. Ke2 h5 36. h3 e4 37. fxe4+
dxe4 38. Rc6 h4 39. Rb6 f6 40. Kf1 Ke5 41. Kg2 f5 42. Rg6 Kf4 43. Rh6 Ra2 {
droht e3} 44. Re6 Ra4 (44... g4 {kommt im 47.Zug}) 45. Rf6 Ra1 46. Rg6 Ra2 47.
Re6 g4 48. hxg4 Kxg4 49. Rg6+ Kf4 50. Rh6 Kg5 51. Re6 h3+ 52. Kg3 (52. Kxh3
Rxf2 53. a7 Ra2 54. Re7 Kf4 $19) 52... h2 53. f4+ $6 Kh5 (53... exf3 54. Re1
Rg2+ 55. Kxf3 Rg1 56. Kf2 Rxe1 $19) (53... Kh5 54. Re8 h1=N+ 55. Kh3 Rxa6 $19)
0-1

[Event "Olomouc AZ Sanace Cup"]
[Site "Olomouc"]
[Date "1998.08.13"]
[Round "6"]
[White "Mokry, Karel"]
[Black "Zurek, Milan"]
[Result "0-1"]
[WhiteElo "2495"]
[BlackElo "2455"]
[Annotator "Mueller,Karsten"]
[PlyCount "118"]
[EventDate "1998.08.08"]
[EventType "tourn"]
[EventRounds "9"]
[EventCountry "CZE"]
[EventCategory "10"]
[SourceTitle "CBM 067"]
[Source "ChessBase"]
[SourceDate "1998.11.30"]
[SourceVersion "2"]
[SourceVersionDate "1998.11.01"]
[SourceQuality "1"]

1. e4 d5 2. exd5 Nf6 3. d4 Nxd5 4. Nf3 g6 5. Be2 Bg7 6. O-O O-O 7. Re1 c5 8.
dxc5 (8. c4 Nb6 9. d5 e5 (9... e6 10. Nc3 Bxc3 11. bxc3 exd5 12. Bg5 $44 {
1-0 Brestak,J-Kuepper,H/Sala op 1993/TD 93\04 (42)}) 10. Nc3 f5 11. Bg5 Bf6 12.
Bxf6 Qxf6 13. Qc1 $14 {1-0 Kotronias,V-Thorhallsson,T/Reykjavik 1988/TD 88\05 
(61)}) 8... Nb4 (8... Na6 9. Bxa6 (9. Bc4 Be6 10. Ng5 Nxc5 11. c3 $14 {Watson,
W-Thorhallsson,T/Reykjavik 1989/CBM 13/1/2-1/2 (101)}) (9. c6 $6 bxc6 10. Na3
Nc5 $15 {1/2-1/2 Gavrikov,V-Svensson,B/Gothenburg 1998/CBM 63/[Mueller,Karsten]
(31) die zentral postierten Springer sowie der Druck gegen b2 kompensieren die
geschwächte Bauernstruktur am Damenflügel vollauf.}) (9. Nbd2 Nxc5 10. Nb3 Na4
11. c3 Ndb6 $11 {1/2-1/2 Pichler,J-Maljutin,E/Moscow 1990/EXT 90 (22)}) 9...
bxa6 10. Nbd2 (10. c3 $6 Bb7 11. Nd4 Qc7 12. c6 Bc8 13. Qf3 Rd8 14. Nd2 e5 15.
Nc2 Qxc6 16. c4 Ne7 17. Qxc6 Nxc6 $17 {0-1 Lobron,E-Stefansson,H/Moscow GMA-op
1989/TD 89\02 (32)}) (10. Ne5 Be6 11. Nd2 Qc7 12. Nd3 Rfd8 $44 {1/2-1/2
Dolmatov,S-Vidarsson,J/Akureyri 1988/CBM 08 (46)}) 10... Qc7 11. Nb3 Bb7 12.
Rb1 e5 (12... Rad8 13. Qe2 a5 14. Qb5 Nb4 15. Qxa5 Qxa5 16. Nxa5 Bxf3 17. gxf3
Nxc2 18. Rf1 Nd4 19. Kg2 Rd5 20. b4 $16 {Vehi Bach,V-Comas Fabrego,L/Platja
d'Aro Barcino 1994/Inf 62}) 13. Bd2 Rae8 14. c4 Ne7 15. Ba5 Qb8 16. Bc3 Nc6 17.
Nbd2 f5 18. b4 Nd4 (18... e4 19. Bxg7 Kxg7 20. b5 $16 {(John Emms in "The
Scandinavian")}) 19. b5 $36 {1-0 Campora,D-Maljutin,E/Candas op 1992/TD 92\09 
(37)}) 9. Na3 N4a6 10. c3 Nxc5 11. Be3 $14 Nbd7 12. Qd2 a6 13. Rad1 Qc7 14. Bh6
Ne4 15. Qe3 Ndf6 (15... Bxh6 $6 16. Qxh6 Qb6 17. Rd4 Ndf6 18. Nc4 $16) 16. Bf4
(16. Bxg7 $5 Kxg7 17. Bd3 Bf5 18. Bxe4 Bxe4 19. Ng5 Bd5 20. Qxe7 Qxe7 21. Rxe7
Rae8 22. Rxe8 Rxe8 23. c4 Bc6 24. Kf1 $14) 16... Qc5 17. Qxc5 (17. Nc4 $5)
17... Nxc5 18. Nc4 Na4 $1 19. Bc1 b5 20. Na5 Bf5 21. Nd4 Be4 22. Bf1 e6 23. a3
(23. Ndc6 $5) 23... Rfc8 24. f3 Bd5 25. Nc2 Nb6 26. Nb4 Bc4 (26... Nfd7 $5) 27.
Rd6 $5 Nfd5 $1 (27... Bxf1 $2 28. Rxb6 Bc4 29. Rxa6 $16) (27... Rcb8 $2 28. Be3
$1 Bxf1 29. Bxb6 Bf8 30. Bc7 $16) 28. Nxd5 Nxd5 29. Bxc4 bxc4 30. Rc6 (30. Re4
Rc5 $1 $11) 30... Nxc3 $1 31. Rxc4 Nb5 (31... Nd5 $5) 32. Nc6 Kf8 33. b3 Nd6
34. Rc2 Rc7 $2 {begibt sich ohne Not in eine äußerst gefährliche Fesselung. Im
Hinblick auf das Folgende vermute ich, daß sich beide Akteure in hochgradiger
Zeitnot befanden.} (34... Nf5 $142 $11) 35. Bf4 $1 e5 36. Bxe5 $2 (36. Rxe5 $3
Bxe5 37. Bxe5 Ne8 (37... Rd7 $2 38. Rd2 $18) 38. Bxc7 Nxc7 $16 {/+-}) 36...
Bxe5 37. Rxe5 Rac8 38. Rec5 Nb5 $2 (38... Nb7 $1 39. R5c4 Nd6 $11) 39. R5c4 $4
{[%mdl 8192]} (39. Ne5 $1 $16) 39... Nxa3 $19 40. Na7 Rxc4 41. bxc4 Rxc4 42.
Rb2 Rc1+ $6 (42... a5 $5 $19) 43. Kf2 Rc2+ 44. Rxc2 Nxc2 45. Nc6 f5 46. Ke2 f4
47. g3 Kf7 48. Kd3 Ne1+ 49. Ke4 fxg3 50. hxg3 Ke6 51. f4 Kd6 52. Ne5 Kc5 53. g4
(53. Nd7+ $5) 53... Nc2 54. f5 $6 gxf5+ 55. gxf5 Kd6 56. Nc4+ Ke7 57. Ke5 Nb4
58. f6+ Kf7 59. Nd6+ Kf8 (59... Kf8 60. Ke6 Nc6 61. Ne4 Nd8+ 62. Kd7 Nf7 $19)
0-1

[Event "FRA-ch"]
[Site "Meribel"]
[Date "1998.08.14"]
[Round "1"]
[White "Chomet, Pascal"]
[Black "Bauer, Christian"]
[Result "0-1"]
[WhiteElo "2405"]
[BlackElo "2490"]
[Annotator "Mueller,Karsten"]
[PlyCount "122"]
[EventDate "1998.08.14"]
[EventType "tourn"]
[EventRounds "15"]
[EventCountry "FRA"]
[EventCategory "10"]
[SourceTitle "CBM 067"]
[Source "ChessBase"]
[SourceDate "1998.11.30"]
[SourceVersion "2"]
[SourceVersionDate "1998.11.01"]
[SourceQuality "1"]

1. e4 d5 2. exd5 Qxd5 3. Nc3 Qd6 4. d4 Nf6 5. Nf3 a6 6. g3 Bg4 (6... e6 7. Bg2
Be7 8. O-O O-O 9. Qe2 Qd8 10. Rd1 c6 11. Ne4 $14 {1-0 Godena,M-Denny,K/Erevan
1996/EXT 96ch2 (43)}) 7. Bg2 e6 $6 (7... Nc6 {wird häufiger gespielt, denn nun
beginnt die "Jagd auf den skandinavischen Läufer":}) 8. h3 Bh5 9. g4 Bg6 10.
Ne5 Qb6 11. O-O (11. h4 $6 Bb4 12. h5 (12. f3 $2 Nd5 $1 13. Qd2 Nc6 $36) 12...
Be4 13. f3 Bc6 $13) 11... c6 $6 12. h4 Bd6 13. h5 Bxc2 $5 {[%mdl 512] auf
diesem Schlag beruhte die schwarze Strategie.} 14. Nc4 $1 (14. Qxc2 $6 Qxd4 15.
Nf3 Qxg4 16. Qb3 Qb4 $13) 14... Qb4 15. Qe2 (15. Nxd6+ $5 Qxd6 16. Qxc2 Nxg4
17. Re1 Qh2+ 18. Kf1 Qxh5 19. Qb3 {und die schwarze Kompensation dürfte nicht
ausreichen.}) 15... Bc7 16. a3 Qe7 (16... Qb3 17. Ne3 Bg6 18. d5 $36) 17. g5 $6
(17. Qxc2 $5 Nxg4 18. Qd3 (18. Ne4 $2 Bh2+ 19. Kh1 Qh4 $40) 18... Qh4 19. Qh3
$14 {/+/-}) 17... Bb3 18. gxf6 gxf6 19. Nd2 Bd5 20. Nxd5 cxd5 21. f4 Nc6 $44 {
[%csl Gd4,Gf4,Gh5][%cal Gg8g1,Gc7b6,Gc7f4][%mdl 32] Weiß hat kaum
Möglichkeiten, selbst aktiv zu werden, aber viele Schwächen.} 22. Nf3 Rg8 23.
Be3 Kd7 24. Rad1 Rg3 25. Bf2 $2 (25. Kf2 Rag8 26. Rg1 Qf8 $44) 25... Rg4 $1 26.
Be3 Rag8 27. Rf2 Bxf4 28. Bxf4 Rxf4 29. b4 Kc7 30. Rc1 Qd6 31. Qb2 Kb8 32. Kf1
e5 $1 33. dxe5 fxe5 34. Rxc6 Qxc6 35. Qxe5+ (35. Nxe5 Rxf2+ 36. Kxf2 Qf6+ 37.
Kg1 Qf5 $17) 35... Qc7 36. Qe3 (36. Qxd5 Rd8 37. Qc5 (37. Qe5 $2 Rd1+ 38. Ke2
Rd2+ 39. Kxd2 Qxe5 40. Nxe5 Rxf2+ $19) 37... Qxc5 38. bxc5 Rd3 $17) 36... Re4
37. Qd2 Rge8 38. Kg1 Qd6 39. Nd4 Re1+ 40. Rf1 Qg3 41. Nf5 Rxf1+ 42. Kxf1 Qxa3
43. Kf2 (43. Qxd5 $2 Qxb4 44. Kg1 Qe1+ 45. Kh2 Qe5+ $19) 43... Re5 44. Nd4 (44.
Ne3 $5 Rxh5 45. Bxd5 Re5 {und es ist wegen der problematischen Stellung der
schwarzen Dame nicht leicht, den Vorteil in einen vollen Punkt zu verwandeln.})
44... f6 45. Bf3 Ka8 46. Ne2 Qa4 47. Qf4 (47. Nf4 $5) 47... Qc6 48. h6 Qd6 {
droht Txe2+} 49. Qg4 Rg5 50. Qc8+ Ka7 51. Qc3 Qb6+ 52. Nd4 Re5 53. Kg3 Kb8 54.
Bg4 $2 (54. Kh3 $17) 54... Re4 $1 55. Qc8+ (55. Nf3 Qd6+ 56. Kh3 Qf4 57. Qc8+
Ka7 58. Bh5 (58. Qc5+ b6 59. Qc8 Qxh6+ $19) 58... Rxb4 $19) 55... Ka7 56. Nf3
Qd6+ 57. Kf2 Rxb4 58. Bf5 Rb2+ 59. Ke3 Rb3+ 60. Kf2 Qb6+ 61. Kg3 $2 (61. Kg2
Qe3 62. Bg4 Rb2+ 63. Kh3 Qxh6+ $19) 61... Qg1+ (61... Qg1+ 62. Kf4 Rb4+ $19)
0-1